1836 1781 1648 1987 1934 1043 1231 1852 1234 1724 1172 1594 1438 1315 1982 1687 1380 1159 1398 1624 1186 1274 1100 1203 1298 1591 1815 1719 1644 1113 1331 1443 1267 1739 1748 1998 1028 1353 1396 1464 1483 1165 1239 1549 1919 1509 1462 1961 1554 1395 1061 1235 1663 1219 1144 1754 1737 1924 1804 1860 1135 1972 1319 1327 1632 1174 1113 1784 1999 1836 1685 1769 1509 1399 1165 1034 1627 1899 1939 1820 1947 1264 1404 1837 1050 1545 1261 1158 1006 1082 1816 1473 1122 1388 1598 1632 1201 1605 1945 BCNSPRNW ULIB Ver.6.0+V

เปลี่ยนเป็นภาษาไทย

Change to English
 แสดงรายละเอียดบรรณานุกรม
  กลับหน้าหลัก

Brief Record : Get Marc (ISO 2709) : E-mail record : QR code < ปิดหน้าต่าง
LEADER : 00000nam 2200000uu 4500
001    13399128413
003     ULIB
008    230815s2565||||th 000 0 tha d
020    ^a9786164262843
060 04 ^aWA350^bส282อ
100 0  ^aสมศักดิ์ โทจำปา
245 10 ^aอนามัยโรงเรียน =^bSchool health /^cสมศักดิ์ โทจำปา
246 31 ^aSchool health
250    ^aพิมพ์ครั้งที่ 2 ฉบับปรับปรุง
260    ^aพิษณุโลก :^bสำนักพิมพ์มหาวิทยาลัยนเรศวร,^c2565
300    ^a159 หน้า :^bภาพประกอบ ;^c26 ซม.
504    ^aมีบรรณานุกรมและดัชนี
650  4 ^aการส่งเสริมสุขภาพ
650  4 ^aสุขภาพ
650  4 ^aสุขศึกษา
650  4 ^aอนามัย
945    ^p260^l0^i010121
945    ^p260^l0^i010122
945    ^p260^l0^i010123
945    ^p260^l0^i010124
945    ^p260^l0^i010125
999    ^aประนอม เกษจรัล
รายการนี้ยังไม่มีแท็ก
คุณยังไม่ได้ล็อกอิน คุณสามารถมีกิจกรรมร่วมกับเว็บไซต์ได้ แต่ต้องล็อกอินก่อน ::
  ล็อกอิน

รายการสื่อสารสนเทศ

ลำดับที่ ประเภท เลขเรียก/บาร์โค้ด สถานที่ สถานะ
1. วิทยาศาสตร์การแพทย์ และสุขภาพ
หนังสือสำรอง
สถานะ=หนังสือสำรอง
WA350 ส282อ ฉ.1 
  Barcode: 010121
ห้องสมุดวิทยาเขตสวรรค์ประชารักษ์
►หนังสือทั่วไป
บนชั้น
2. วิทยาศาสตร์การแพทย์ และสุขภาพ
วิทยาศาสตร์การแพทย์ และสุขภาพ
WA350 ส282อ ฉ.2 
  Barcode: 010122
ห้องสมุดวิทยาเขตสวรรค์ประชารักษ์
►หนังสือทั่วไป
ถูกยืม กำหนดส่งวันที่ 18 พฤษภาคม 2569
  จอง
3. วิทยาศาสตร์การแพทย์ และสุขภาพ
วิทยาศาสตร์การแพทย์ และสุขภาพ
WA350 ส282อ ฉ.3 
  Barcode: 010123
ห้องสมุดวิทยาเขตสวรรค์ประชารักษ์
►หนังสือทั่วไป
ถูกยืม กำหนดส่งวันที่ 19 พฤษภาคม 2569
  จอง
4. วิทยาศาสตร์การแพทย์ และสุขภาพ
วิทยาศาสตร์การแพทย์ และสุขภาพ
WA350 ส282อ ฉ.4 
  Barcode: 010124
ห้องสมุดวิทยาเขตสวรรค์ประชารักษ์
►หนังสือทั่วไป
ถูกยืม กำหนดส่งวันที่ 19 พฤษภาคม 2569
  จอง
5. วิทยาศาสตร์การแพทย์ และสุขภาพ
วิทยาศาสตร์การแพทย์ และสุขภาพ
WA350 ส282อ ฉ.5 
  Barcode: 010125
ห้องสมุดวิทยาเขตสวรรค์ประชารักษ์
►หนังสือทั่วไป
ถูกยืม กำหนดส่งวันที่ 19 พฤษภาคม 2569
  จอง

รายการใกล้เคียง
    ผู้แต่ง [สมศักดิ์ โทจำปา]

    หัวเรื่อง [การส่งเสริมสุขภาพ]
    หัวเรื่อง [สุขภาพ]
    หัวเรื่อง [สุขศึกษา]
    หัวเรื่อง [อนามัย]

BibComment


ยังไม่เคยถูกคอมเมนท์

คอมเมนท์ทรัพยากรรายการนี้
  คอมเมนท์: อนามัยโรงเรียน ..


 Copyright 2026. Bcnsprnw @Library